000 00562nam a2200181Ia 4500
008 090630s9999 xx 000 0 und d
082 _b16939
100 _aजाधव राकेश.
245 _aबंजारा नायक.
_cजाधव राकेश.
260 _bपंकज - मुंबई.
300 _a0
600 _aजाधव राकेश.
630 _aबंजारा नायक.
655 _aइतर.
700 _aजाधव राकेश.
730 _aबंजारा नायक.
942 _cBOOK
999 _c268795
_d268795